NLSUI OPAC header image

Aboriginal title : (Record no. 112849)

MARC details
000 -LEADER
fixed length control field 01741cam a2200337 a 4500
001 - CONTROL NUMBER
control field 16858195
003 - CONTROL NUMBER IDENTIFIER
control field OSt
005 - DATE AND TIME OF LATEST TRANSACTION
control field 20260217102616.0
008 - FIXED-LENGTH DATA ELEMENTS--GENERAL INFORMATION
fixed length control field 110706s2011 enk b 001 0 eng d
010 ## - LIBRARY OF CONGRESS CONTROL NUMBER
LC control number 2011933691
020 ## - INTERNATIONAL STANDARD BOOK NUMBER
International Standard Book Number 9780199699414
020 ## - INTERNATIONAL STANDARD BOOK NUMBER
International Standard Book Number 0199699410
035 ## - SYSTEM CONTROL NUMBER
System control number (OCoLC)ocn733232206
040 ## - CATALOGING SOURCE
Original cataloging agency BTCTA
Language of cataloging eng
Transcribing agency BTCTA
Modifying agency YDXCP
-- BWK
-- UKMGB
-- CDX
-- UAB
-- DLC
042 ## - AUTHENTICATION CODE
Authentication code lccopycat
082 ## - DEWEY DECIMAL CLASSIFICATION NUMBER
Classification number 342.0872 MCH
100 1# - MAIN ENTRY--PERSONAL NAME
Personal name McHugh, Paul G.
245 10 - TITLE STATEMENT
Title Aboriginal title :
Remainder of title the modern jurisprudence of tribal land rights /
Statement of responsibility, etc. P. G. McHugh
260 ## - PUBLICATION, DISTRIBUTION, ETC.
Place of publication, distribution, etc. Oxford :
Name of publisher, distributor, etc. Oxford University Press,
Date of publication, distribution, etc. 2011.
300 ## - PHYSICAL DESCRIPTION
Extent xix, 356 p. ;
Dimensions 25 cm.
505 ## - FORMATTED CONTENTS NOTE
Formatted contents note Table of Cases<br/>List of Abbreviations<br/>1. Profile of a Modern Jurisprudence – An Idea whose Time Had Come I<br/>2. Common Law Aboriginal Title and its Pipers ar the Gate of<br/>Dawn-Cestation (1970s) and Breakthrough (1980s) 25<br/>3. Doctrinal Pathways in Canada and Australia - The Devil in the<br/>Detail of a Maturing Jurisprudence 106<br/>4. Aboriginal Title in the New Century and New Contexts: Fraternal<br/>Impact, International Influence 189<br/>5. Aboriginal Title Within and Across Disciplinary<br/>Boundaries—{nlhlopologists, Historians, and Political Philosophers 240<br/>6. Aboriginal Title – Diagnosis and Prognosis
650 #0 - SUBJECT ADDED ENTRY--TOPICAL TERM
Topical term or geographic name entry element Indigenous peoples
General subdivision Land tenure.
650 #0 - SUBJECT ADDED ENTRY--TOPICAL TERM
Topical term or geographic name entry element Land tenure
General subdivision Law and legislation
-- History.
650 #0 - SUBJECT ADDED ENTRY--TOPICAL TERM
Topical term or geographic name entry element Indigenous peoples
General subdivision Government relations.
856 41 - ELECTRONIC LOCATION AND ACCESS
Materials specified Table of contents
Uniform Resource Identifier <a href="http://www.loc.gov/catdir/toc/fy12pdf01/2011933691.html">http://www.loc.gov/catdir/toc/fy12pdf01/2011933691.html</a>
906 ## - LOCAL DATA ELEMENT F, LDF (RLIN)
a 7
b cbc
c copycat
d 2
e epcn
f 20
g y-gencatlg
936 ## - OCLC/CONSER MISCELLANEOUS DATA (OCLC); PIECE USED FOR CATALOGING (pre-AACR2) (RLIN)
OCLC control number(s) of parallel record(s) (OCLC); Piece used for cataloging, PUC (RLIN) PR 729371219
942 ## - ADDED ENTRY ELEMENTS (KOHA)
Source of classification or shelving scheme Dewey Decimal Classification
Koha item type BOOKs
Holdings
Withdrawn status Lost status Source of classification or shelving scheme Materials specified (bound volume or other part) Damaged status Not for loan Collection code Home library Current library Shelving location Date acquired Source of acquisition Cost, normal purchase price Total Checkouts Full call number Barcode Date last seen Price effective from Koha item type
    Dewey Decimal Classification HB     Reference . .   08.03.2018 Purchased 8854.00   342.0872 MCH 35986 08.03.2019 08.03.2019 BOOKs